000 00451nam a22001697a 4500
999 _c526803
_d526803
003 NUST
038 _awaseem
082 _a791.43092
_bBHE
100 _aBheshem Sahni
_917801
245 _aBalraj mera bhai /
_cBheshem Sahni
260 _aIndia :
_bNational Book Trust,
_c1987.
300 _a171 p. ;
500 _aHardcover.
880 _6100-01\r
_aبھیشم ساہنی
880 _6245-02\r
_aبلراج میرا بھائی /
942 _2ddc
_cBK